000 00389nam a22001697a 4500
003 OSt
005 20211210093334.0
008 211210b |||||||| |||| 00| 0 eng d
020 _a9789332518988
040 _chu
082 _a616,89
100 _ajames n, butcher
_922568
245 _aabnormal psychlolgy
260 _anew delhi
_bhall
_c2014
300 _a732
942 _2ddc
_cBOOKS
_n0
999 _c22205
_d22205